000 00493 a2200193 4500
001 sjds
003 sjds
005 20251124034335.0
008 251124b |||||||| |||| 00| 0 eng d
020 _a9781585741755
020 _a1585741752
040 _csjds
041 _aeng
100 _aWhite, Randy Wayne
245 _aThe Sharks of lake Nicaragua /
_cRandy Wayne White.
260 _aGuildford, Connecticut,:
_bLyons Press,
_c2020
300 _axv, 199 pages ;
_c23 cm
942 _cBK
999 _c26927
_d26927